000 00755nam a2200229Ia 4500
001 9531
003 GE_BSU
008 181216s||||||||xx |||||||||||||| ||und||
040 _cGE_BSU
080 _a821.353.1–1
100 _aმარგიანი,რევაზ
245 _aმისალმებათა ნაკადი
245 _bლექსები
245 _cრედ.გ.ხუხაშვილი.მხატვ.ინა გრიგოლია
260 _aთბილისი
260 _bსახელგამი
260 _c1952
300 _a145გვ.1ფ პორტრ.16სმ
653 _aლექსები
653 _aმისალმებათა ნაკადი
942 _cBK
999 _c42825
_d42825